LEADER 01356nam 2200409 450 001 000001871 005 20070503173300.0 100 $a--------d1953----km-y0itay0103----ba 101 0 $aeng 102 $aUS 200 1 $a<> anthology of famous american stories$fedited by Angus Burrell and Bennett Cerf 200 1 $a1 $n0004022 210 $aNew York$cRandom House$dc1953 215 $aXVII, 1340 p.$d21 cm. 225 1 $aModern library 676 $a818.3 702 1$aBurrell,$bAngus 702 1$aCerf,$bBennett 801 0$aIT$bUniversità della Basilicata - B.I.A.$gRICA$2unimarc 912 $a000001871 996 $aAnthology of famous american stories$971640 997 $aUNIBAS BAS $aMONLET BAS $aMONOGR BAS $aLETTERE CAT $aCARLUCCI$b01$c19990804$lBAS01$h1220 CAT $aCARLUCCI$b01$c19990804$lBAS01$h1336 CAT $c20000920$lBAS01$h1829 CAT $c20001010$lBAS01$h1632 CAT $c20050601$lBAS01$h1752 CAT $abatch$b01$c20050718$lBAS01$h1047 CAT $c20050718$lBAS01$h1106 CAT $c20050718$lBAS01$h1136 CAT $c20050718$lBAS01$h1150 CAT $aBATCH$b00$c20070503$lBAS01$h1733 FMT Z30 -1$lBAS01$LBAS01$mBOOK$1BASA1$APolo Storico-Umanistico$2GEN$BCollezione generale$3FP/2551$9FP/2551$62551$5L2551$819990804$f02$FPrestabile Generale LEADER 01881nam 2200577Ia 450 001 9910782525903321 005 20230721004037.0 010 $a1-282-10471-3 010 $a9786612104718 010 $a90-272-8965-4 035 $a(CKB)1000000000578936 035 $a(SSID)ssj0000133958 035 $a(PQKBManifestationID)11150729 035 $a(PQKBTitleCode)TC0000133958 035 $a(PQKBWorkID)10045635 035 $a(PQKB)10599389 035 $a(MiAaPQ)EBC622415 035 $a(Au-PeEL)EBL622415 035 $a(CaPaEBR)ebr10269362 035 $a(CaONFJC)MIL210471 035 $a(OCoLC)313787777 035 $a(EXLCZ)991000000000578936 100 $a20080725d2008 uy 0 101 0 $aeng 135 $aurcn||||||||| 181 $ctxt 182 $cc 183 $acr 200 00$aCurrent issues in generative Hebrew linguistics$b[electronic resource] /$fedited by Sharon Armon-Lotem, Gabi Danon, Susan Rothstein 210 $aAmsterdam ;$aPhiladelphia $cJohn Benjamins Pub.$dc2008 215 $avi, 393 p. $cill 225 1 $aLinguistik aktuell =$aLinguistics today,$x0166-0829 ;$vv. 134 300 $aBibliographic Level Mode of Issuance: Monograph 311 $a90-272-5517-2 320 $aIncludes bibliographical references and index. 410 0$aLinguistik aktuell ;$vBd. 134. 606 $aHebrew language$xGrammar, Generative 606 $aHebrew language$xSyntax 615 0$aHebrew language$xGrammar, Generative. 615 0$aHebrew language$xSyntax. 676 $a492.4/5 701 $aArmon-Lotem$b Sharon$01489258 701 $aDanon$b Gabi$01489259 701 $aRothstein$b Susan Deborah$01482734 801 0$bMiAaPQ 801 1$bMiAaPQ 801 2$bMiAaPQ 906 $aBOOK 912 $a9910782525903321 996 $aCurrent issues in generative Hebrew linguistics$93709879 997 $aUNINA LEADER 01955oas 2200637 a 450 001 9910634086803321 005 20250910213016.0 011 $a2167-1427 035 $a(OCoLC)60621869 035 $a(CONSER) 2012204062 035 $a(CKB)3720000000033307 035 $a(EXLCZ)993720000000033307 100 $a20050614a19959999 sy a 101 0 $aeng 135 $aurun||||||||| 181 $ctxt$2rdacontent 182 $cc$2rdamedia 183 $acr$2rdacarrier 200 10$aDennis Barry's reimbursement advisor 210 $aFrederick, MD $cAspen Publishers 210 3 $aNew York $cAspen Publishers 311 08$a2167-1419 517 3 $aReimbursement advisor 606 $aMedicare$xClaims administration$vPeriodicals 606 $aMedicaid$xClaims administration$vPeriodicals 606 $aMedical fees$zUnited States$vPeriodicals 606 $aMedicaid$xClaims administration$2fast$3(OCoLC)fst01013661 606 $aMedical fees$2fast$3(OCoLC)fst01014114 606 $aMedicare$xClaims administration$2fast$3(OCoLC)fst01014819 606 $aMe?decins$xHonoraires$zE?tats-Unis$vPe?riodiques 607 $aUnited States$2fast$1https://id.oclc.org/worldcat/entity/E39PBJtxgQXMWqmjMjjwXRHgrq 608 $aPeriodicals.$2fast 615 0$aMedicare$xClaims administration 615 0$aMedicaid$xClaims administration 615 0$aMedical fees 615 7$aMedicaid$xClaims administration. 615 7$aMedical fees. 615 7$aMedicare$xClaims administration. 615 6$aMe?decins$xHonoraires 676 $a368.4 801 0$bOCLCS 801 1$bOCLCS 801 2$bOCLCQ 801 2$bDLC 801 2$bAU@ 801 2$bOCLCQ 801 2$bOCLCO 801 2$bOCLCF 801 2$bOCLCQ 801 2$bUAB 801 2$bOCLCL 801 2$bAUD 906 $aJOURNAL 912 $a9910634086803321 996 $aDennis Barry's reimbursement advisor$92576752 997 $aUNINA